| 000 | 00385nam a2200169Ia 4500 | ||
|---|---|---|---|
| 008 | 210210b1948 xxu||||| |||| 00| 0 eng d | ||
| 041 | _aeng | ||
| 082 | _a824/181 | ||
| 100 | _aKNIGHT (G W) | ||
| 245 | _aCrown of life | ||
| 260 |
_aLondon _bMethuen and Company Limited _c1948 |
||
| 650 | _aof | ||
| 650 | _alife | ||
| 650 | _aCrown | ||
| 690 | _aEnglish Prose | ||
| 906 | _a014134 | ||
| 999 |
_c133232 _d133232 |
||